A wardance (Record no. 75790)

MARC details
000 -LEADER
fixed length control field 01728cab a2200289 4500
001 - CONTROL NUMBER
control field L130784
008 - FIXED-LENGTH DATA ELEMENTS--GENERAL INFORMATION
fixed length control field 050825n2005 000 0 eng u
035 ## - SYSTEM CONTROL NUMBER
System control number (Sirsi) u130784
041 0# - LANGUAGE CODE
Language code of text/sound track or separate title eng
100 1# - MAIN ENTRY--PERSONAL NAME
Personal name Bingham, Tony
245 02 - TITLE STATEMENT
Title A wardance
260 ## - PUBLICATION, DISTRIBUTION, ETC.
Date of publication, distribution, etc. 2005
490 #0 - SERIES STATEMENT
Series statement Building
Volume/sequential designation 270(8395) 26 August 2005, 44-45(2)
520 ## - SUMMARY, ETC.
Summary, etc. Discusses the case "Bryen and Langley Limited v Martin Boston" (L130706) which looks at the problems caused by the way contracts are entered into. An adjudicator decided the dispute over an underpayment but Boston (M) argued that JCT 98 was not included in the contract and therefore no adjudication could apply. The case went to the Court of Appeal where the judge held that the parties had agreed to contract on JCT98 and that, as a consumer, (M) was not outside the adjudication rules and therefore was not protected as such by the Unfair Terms in Consumer Contracts Regulations 1999.
590 ## - LOCAL NOTE (RLIN)
Local note IKA300805
650 24 - SUBJECT ADDED ENTRY--TOPICAL TERM
Topical term or geographic name entry element BRYEN AND LANGLEY LTD V BOSTON
650 24 - SUBJECT ADDED ENTRY--TOPICAL TERM
Topical term or geographic name entry element UNFAIR TERMS IN CONSUMER CONTRACT REGULATIONS 1999
650 24 - SUBJECT ADDED ENTRY--TOPICAL TERM
Topical term or geographic name entry element HARVEY SHOPFITTERS LTD V ADI LTD
650 24 - SUBJECT ADDED ENTRY--TOPICAL TERM
Topical term or geographic name entry element STENT FOUNDATIONS LTD V CARILLION CONSTRUCTION (CONTRACTS) LTD (FORMERLY TARMAC CONSTRUCTION (CONTRACTS) LTD
650 24 - SUBJECT ADDED ENTRY--TOPICAL TERM
Topical term or geographic name entry element VON HATZFELDT-WILDENBURG V ALEXANDER
650 24 - SUBJECT ADDED ENTRY--TOPICAL TERM
Topical term or geographic name entry element PEGRAM SHOPFITTERS LIMITED V TALLY WEIJL (UK) LIMITED
650 24 - SUBJECT ADDED ENTRY--TOPICAL TERM
Topical term or geographic name entry element PICARDI V CUNIBERTI AND ANOTHER
650 24 - SUBJECT ADDED ENTRY--TOPICAL TERM
Topical term or geographic name entry element DIRECTOR GENERAL OF FAIR TRADING V FIRST NATIONAL BANK PLC
650 24 - SUBJECT ADDED ENTRY--TOPICAL TERM
Topical term or geographic name entry element LOWNDS V HOME OFFICE
690 ## - LOCAL SUBJECT ADDED ENTRY--TOPICAL TERM (OCLC, RLIN)
Topical term or geographic name as entry element MANAGEMENT-DISPUTE AVOIDANCE, MANAGEMENT AND RESOLUTION-DISPUTE MANAGEMENT AND RESOLUTION-ALTERNATIVE DISPUTE RESOLUTION-ADJUDICATION-ADJUDICATORS-ADJUDICATORS' JURISDICTION
942 ## - ADDED ENTRY ELEMENTS (KOHA)
Suppress in OPAC 0
Holdings
Withdrawn status Lost status Source of classification or shelving scheme Damaged status Not for loan Home library Current library Shelving location Date acquired Total Checkouts Full call number Barcode Date last seen Copy number Price effective from Koha item type
    Dewey Decimal Classification     London London Journal article 30/08/2005   L130784 130784-1001 06/08/2019 1 06/08/2019 Journal article